[Event "4NCL Online Division 1"]
[Site "online"]
[Date "2021.03.09"]
[EventDate "2021.03.09"]
[Round "4.11"]
[White "Bates, Richard A"]
[WhiteTitle "IM"]
[WhiteElo "2429"]
[WhiteTeam "Blackthorne Russia"]
[Black "Hebden, Mark L"]
[BlackTitle "GM"]
[BlackElo "2485"]
[BlackTeam "Guildford Young Guns"]
[Result "0-1"]
[PlyCount "96"]

1. d4 g6 2. c4 Bg7 3. Nc3 Nf6 4. g3 c5 5. dxc5 Qa5 6. Bg2 Qxc5 7. Be3 Qh5 8. Nh3 Ng4 9. Bd4 Bxd4 10. Qxd4 O-O 11. Nd5 Nc6 12. Qe4 d6 13. O-O Bf5 14. Nxe7+ Nxe7 15. Qxe7 Rae8 16. Qxd6 Rxe2 17. Rfe1 Rxb2 18. Qd4 Rc2 19. Re7 Be6 20. Re1 Rxc4 21. Qb2 Qc5 22. Rxb7 Rc2 23. Qb4 Qxb4 24. Rxb4 h5 25. a4 Ra2 26. Nf4 Bf5 27. Bd5 Rd2 28. f3 Nf6 29. Bb3 Bc2 30. Re2 Rxe2 31. Nxe2 Rc8 32. Rc4 Rxc4 33. Bxc4 Bxa4 34. Kf2 Kf8 35. Ke3 Ke7 36. Kd4 Bc6 37. f4 Ng4 38. h3 Nh6 39. Kc5 Bg2 40. Nd4 Bxh3 41. Nc6+ Kf6 42. Nxa7 Nf5 43. Nc6 Nxg3 44. Nd4 Bg2 45. Nc2 Nf5 46. Ne1 Be4 47. Bd5 Ng3 48. Bc4 h4 {[W: 0:00:28; B: 0:08:27]} 0-1

[Event "4NCL Online Division 1"]
[Site "online"]
[Date "2021.03.09"]
[EventDate "2021.03.09"]
[Round "4.12"]
[White "Suarez Real, Alberto"]
[WhiteTitle "IM"]
[WhiteElo "2482"]
[WhiteTeam "Guildford Young Guns"]
[Black "Taylor, Adam A"]
[BlackElo "2294"]
[BlackTeam "Blackthorne Russia"]
[Result "1-0"]
[PlyCount "87"]

1. e4 c5 2. Nf3 Nc6 3. d4 cxd4 4. Nxd4 e5 5. Nb5 d6 6. N1c3 a6 7. Na3 b5 8. Nd5 Nge7 9. c4 Nd4 10. Bd3 Nxd5 11. cxd5 g6 12. O-O Bg7 13. Nc2 Nxc2 14. Qxc2 Bd7 15. Be3 O-O 16. Rac1 Rc8 17. Qd2 f5 18. Qb4 f4 19. Bd2 Qb6 20. Qa3 Bf6 21. Ba5 Qd4 22. Bc7 Bd8 23. Qxd6 Rxc7 24. Rxc7 Bxc7 25. Qxc7 Qxd3 26. Qxd7 Qxe4 27. Qe6+ Kg7 28. d6 Rf6 29. Qc8 Qd5 30. Qd7+ Rf7 31. Qd8 Rf6 32. Qc7+ Kh6 33. d7 Rd6 34. Re1 Rxd7 35. Qc8 Rd8 36. Qxa6 f3 37. Qf6 fxg2 38. Qxe5 Qd2 39. Kxg2 Rd5 40. Qe3+ Rg5+ 41. Kh1 Qd5+ 42. Qe4 Qxa2 43. Qh4+ Rh5 44. Qf4+ {Time forfeit} {[W: 0:00:34; B: 0:00:32]} 1-0

[Event "4NCL Online Division 1"]
[Site "online"]
[Date "2021.03.09"]
[EventDate "2021.03.09"]
[Round "4.13"]
[White "Duncan, Chris R"]
[WhiteTitle "FM"]
[WhiteElo "2278"]
[WhiteTeam "Blackthorne Russia"]
[Black "Wadsworth, Matthew J"]
[BlackTitle "IM"]
[BlackElo "2469"]
[BlackTeam "Guildford Young Guns"]
[Result "1/2-1/2"]
[PlyCount "154"]

1. Nf3 Nf6 2. c4 c5 3. Nc3 Nc6 4. d4 cxd4 5. Nxd4 e6 6. g3 Qb6 7. Ndb5 Bc5 8. e3 O-O 9. Na4 Bb4+ 10. Bd2 Qa5 11. Bxb4 Qxb4+ 12. Nac3 d5 13. a3 Qe7 14. Bg2 dxc4 15. Qd6 Ne8 16. Qxe7 Nxe7 17. a4 a6 18. Na3 Rb8 19. a5 b5 20. axb6 Rxb6 21. Nxc4 Rb4 22. Ra4 Rxa4 23. Nxa4 Bd7 24. Nc3 Nf6 25. Ke2 Rc8 26. Ne5 Rb8 27. Nd3 Ned5 28. Nxd5 exd5 29. Rc1 h6 30. Rc2 Bf5 31. Rd2 Rb5 32. Nf4 Be4 33. Bxe4 dxe4 34. Kd1 g5 35. Ne2 Ng4 36. Nc3 Rb4 37. h3 Ne5 38. Kc2 Nf3 39. Rd6 Ne1+ 40. Kd2 Nd3 41. Nxe4 Nxb2 42. Nf6+ Kf8 43. Rxa6 Rb5 44. g4 Nc4+ 45. Kd3 Ne5+ 46. Ke4 Ng6 47. Ra8+ Kg7 48. Nh5+ Kh7 49. Ra7 Kg8 50. Nf6+ Kf8 51. Nd5 Rb2 52. f3 Kg7 53. f4 gxf4 54. exf4 Re2+ 55. Ne3 Nh4 56. Ra6 Rh2 57. Ra3 Re2 58. f5 h5 59. Kf4 hxg4 60. hxg4 Rh2 61. Kg3 Rh1 62. g5 Kh7 63. Ra7 Kg7 64. Ra3 Kh7 65. Ra4 Ng6 66. fxg6+ Kxg6 67. Kf4 f6 68. Ra6 Rh4+ 69. Ng4 Kh5 70. gxf6 Rxg4+ 71. Kf5 Rg1 72. f7 Rf1+ 73. Ke6 Kg6 74. Ke7+ Kg7 75. f8=Q+ Rxf8 76. Rg6+ Kh7 77. Kxf8 Kxg6 {[W: 0:00:43; B: 0:05:01]} 1/2-1/2

[Event "4NCL Online Division 1"]
[Site "online"]
[Date "2021.03.09"]
[EventDate "2021.03.09"]
[Round "4.14"]
[White "Stoyanov, Viktor"]
[WhiteElo "2334"]
[WhiteTeam "Guildford Young Guns"]
[Black "Eames, Robert S"]
[BlackTitle "FM"]
[BlackElo "2218"]
[BlackTeam "Blackthorne Russia"]
[Result "1-0"]
[PlyCount "61"]

1. d4 Nf6 2. c4 c5 3. d5 b5 4. cxb5 a6 5. e3 Bb7 6. Nc3 Qa5 7. Bd2 axb5 8. Bxb5 Qb6 9. Nf3 Nxd5 10. a4 Qg6 11. O-O e6 12. a5 Nb4 13. e4 Be7 14. Bf4 O-O 15. Bd6 Re8 16. Bxe7 Rxe7 17. Qd6 Re8 18. Qxc5 N8a6 19. Qd6 Red8 20. Ne5 Qh5 21. Nxd7 Rac8 22. Qg3 Kh8 23. Be2 Qh6 24. Ne5 Qf6 25. Rad1 Nc5 26. Nc4 Nxe4 27. Nxe4 Bxe4 28. Nd6 Bd5 29. Nxc8 Rxc8 30. Rd2 Ra8 31. Qd6 {[W: 0:21:01; B: 0:03:31]} 1-0

[Event "4NCL Online Division 1"]
[Site "online"]
[Date "2021.03.09"]
[EventDate "2021.03.09"]
[Round "4.21"]
[White "Reznak, Attila"]
[WhiteTitle "FM"]
[WhiteElo "2266"]
[WhiteTeam "Downend 1"]
[Black "Godart, Francois"]
[BlackTitle "IM"]
[BlackElo "2422"]
[BlackTeam "Broadland Kestrels"]
[Result "1/2-1/2"]
[PlyCount "67"]

1. c4 e6 2. d4 d5 3. cxd5 exd5 4. Nf3 c6 5. Nc3 Bf5 6. Bf4 Bd6 7. Bxd6 Qxd6 8. e3 Nd7 9. Bd3 Bxd3 10. Qxd3 Ngf6 11. O-O O-O 12. Rac1 Rfe8 13. Rfe1 Ne4 14. Nd2 Ndf6 15. Ncxe4 Nxe4 16. Nxe4 Rxe4 17. f3 Re6 18. Rc2 Rae8 19. Rce2 g6 20. a3 a5 21. Qc3 a4 22. Qb4 Qxb4 23. axb4 f5 24. Kf2 g5 25. g3 Rh6 26. Kg2 Rhe6 27. Kf2 Kf7 28. Ra1 b5 29. Rc1 Ke7 30. h3 Kd7 31. Rce1 Kd6 32. Rh1 Ra8 33. Ra1 Rae8 34. Rh1 {[W: 0:09:24; B: 0:17:55]} 1/2-1/2

[Event "4NCL Online Division 1"]
[Site "online"]
[Date "2021.03.09"]
[EventDate "2021.03.09"]
[Round "4.22"]
[White "Polaczek, Richard"]
[WhiteTitle "IM"]
[WhiteElo "2400"]
[WhiteTeam "Broadland Kestrels"]
[Black "Thompson, Robert"]
[BlackElo "2072"]
[BlackTeam "Downend 1"]
[Result "1/2-1/2"]
[PlyCount "137"]

1. e4 d6 2. d4 Nf6 3. Nc3 e5 4. Nf3 exd4 5. Nxd4 Be7 6. g3 O-O 7. Bg2 Re8 8. O-O Bf8 9. h3 c6 10. b3 Nbd7 11. Bb2 a5 12. a4 Nc5 13. Re1 Bd7 14. Qd2 Qc7 15. g4 g6 16. Rad1 Bg7 17. f4 Rad8 18. f5 d5 19. exd5 Nxd5 20. Nxd5 cxd5 21. Qf2 Ne4 22. Bxe4 Rxe4 23. Nb5 Bxb5 24. Bxg7 Kxg7 25. Rxe4 dxe4 26. f6+ Kg8 27. Rxd8+ Qxd8 28. axb5 Qd5 29. Qf4 Qd1+ 30. Kf2 Qxc2+ 31. Kg3 h6 32. Qb8+ Kh7 33. Qxb7 Qxb3+ 34. Kf4 e3 35. Kf3 a4 36. Qe7 a3 37. Qf8 e2+ 38. Kxe2 Qb2+ 39. Ke3 Qxf6 40. Qxa3 Qb6+ 41. Kf3 Qxb5 42. Qf8 Qd5+ 43. Kg3 g5 44. Kh2 Qf3 45. Qe7 Kg7 46. Qe5+ Qf6 47. Qd5 Qe6 48. Qf3 Kg6 49. Qd3+ f5 50. gxf5+ Qxf5 51. Qd6+ Qf6 52. Qd3+ Kf7 53. Qd7+ Kf8 54. Qc8+ Ke7 55. Qc7+ Ke6 56. Qc6+ Ke5 57. Qc3+ Kf5 58. Qd3+ Ke6 59. Qc4+ Kd7 60. Qb5+ Kc7 61. Qc5+ Kd7 62. Qb5+ Qc6 63. Qxc6+ Kxc6 64. h4 g4 65. h5 Kd5 66. Kg3 Ke5 67. Kxg4 Kf6 68. Kh3 Kg5 69. Kh2 {[W: 0:02:13; B: 0:01:56]} 1/2-1/2

[Event "4NCL Online Division 1"]
[Site "online"]
[Date "2021.03.09"]
[EventDate "2021.03.09"]
[Round "4.23"]
[White "Meek, Stephen J"]
[WhiteElo "1965"]
[WhiteTeam "Downend 1"]
[Black "Lenaerts, Lennert"]
[BlackTitle "FM"]
[BlackElo "2357"]
[BlackTeam "Broadland Kestrels"]
[Result "1/2-1/2"]
[PlyCount "76"]

1. e4 e5 2. Bc4 Nf6 3. Nc3 Nc6 4. d3 Na5 5. Nge2 Be7 6. a4 Nxc4 7. dxc4 d6 8. O-O O-O 9. b3 Be6 10. Qd3 Nd7 11. Be3 Bg5 12. Bxg5 Qxg5 13. Rad1 Nc5 14. Qg3 Qxg3 15. hxg3 f5 16. Nd5 Rf7 17. exf5 Bxf5 18. Ne3 Bg6 19. f3 Re8 20. Nc3 Ne6 21. Rd2 Nd4 22. Nb5 a6 23. Nxd4 exd4 24. Nd5 c5 25. Kf2 Bf5 26. a5 g5 27. Re1 Rxe1 28. Kxe1 Kf8 29. g4 Bd7 30. Re2 Kg7 31. Kd2 Kg6 32. c3 dxc3+ 33. Nxc3 Bc6 34. Re6+ Rf6 35. Rxf6+ Kxf6 36. Ke3 Ke5 37. g3 Bd7 38. Ne4 h6 {[W: 0:27:19; B: 0:12:25]} 1/2-1/2

[Event "4NCL Online Division 1"]
[Site "online"]
[Date "2021.03.09"]
[EventDate "2021.03.09"]
[Round "4.24"]
[White "Harris, Michael"]
[WhiteElo "2248"]
[WhiteTeam "Broadland Kestrels"]
[Black "Stubbs, Oliver"]
[BlackElo "2036"]
[BlackTeam "Downend 1"]
[Result "1-0"]
[PlyCount "137"]

1. c4 Nf6 2. Nc3 g6 3. e4 d6 4. d4 Bg7 5. f4 O-O 6. Be2 c5 7. d5 e6 8. Nf3 exd5 9. e5 Ne4 10. cxd5 Nxc3 11. bxc3 Nd7 12. O-O dxe5 13. Rb1 exf4 14. c4 Nb6 15. Bxf4 Bf5 16. Rb5 Rc8 17. Bd3 Bxd3 18. Qxd3 Re8 19. d6 Qd7 20. Rfb1 Red8 21. a4 Qe6 22. Rc1 Nxa4 23. Rxb7 h6 24. d7 Ra8 25. Re1 Qg4 26. Be5 Nb6 27. Bxg7 Kxg7 28. Ne5 Qe6 29. Qc3 Kg8 30. Rc7 Qd6 31. Rc6 Qd4+ 32. Qxd4 cxd4 33. Rd6 f6 34. Rxf6 Nxd7 35. Nxd7 Rxd7 36. Rxg6+ Kh7 37. Ree6 d3 38. Rxh6+ Kg7 39. Reg6+ Kf7 40. Rh7+ Kxg6 41. Rxd7 a5 42. Rxd3 a4 43. Ra3 Kf5 44. c5 Ke5 45. c6 Kd6 46. c7 Kxc7 47. g4 Kc6 48. Kg2 Kb5 49. h4 Kb4 50. Ra1 a3 51. Kg3 Kb3 52. g5 Kb2 53. Rxa3 Rxa3+ 54. Kg4 Kc3 55. g6 Kd4 56. Kf5 Ra5+ 57. Kf6 Ra6+ 58. Kf5 Ra5+ 59. Kf4 Kd5 60. g7 Ra8 61. Kf5 Kd6 62. Kf6 Ra1 63. g8=Q Rf1+ 64. Kg7 Rg1+ 65. Kh7 Rxg8 66. Kxg8 Ke6 67. h5 Kf6 68. h6 Kg6 69. h7 {[W: 0:04:08; B: 0:01:39]} 1-0

[Event "4NCL Online Division 1"]
[Site "online"]
[Date "2021.03.09"]
[EventDate "2021.03.09"]
[Round "4.31"]
[White "Lock, Gavin R"]
[WhiteElo "2208"]
[WhiteTeam "Wessex Some Stars A"]
[Black "Alizada, Eldar"]
[BlackElo "2084"]
[BlackTeam "Schach Attack"]
[Result "1-0"]
[PlyCount "115"]

1. d4 e6 2. Nf3 Nf6 3. g3 d5 4. Bg2 Be7 5. O-O O-O 6. c4 b6 7. Nc3 Bb7 8. cxd5 Nxd5 9. Nxd5 Bxd5 10. Qc2 Nd7 11. e4 Bb7 12. Rd1 Nf6 13. Ne5 Qe8 14. Be3 Rd8 15. h3 c5 16. dxc5 Rxd1+ 17. Rxd1 Bxc5 18. Bxc5 bxc5 19. Nc4 Qa8 20. Nd6 Nd7 21. Nxb7 Qxb7 22. b3 Qc7 23. Qd2 Nb6 24. Qd6 Qxd6 25. Rxd6 Rc8 26. e5 Kf8 27. f4 Ke7 28. Rd3 c4 29. bxc4 Rxc4 30. Ra3 Ra4 31. Rxa4 Nxa4 32. Kf2 f6 33. exf6+ gxf6 34. Ke3 Kd6 35. Kd4 Nc5 36. g4 h6 37. h4 Nd7 38. g5 fxg5 39. fxg5 hxg5 40. hxg5 Nf8 41. Be4 Ke7 42. Kc5 Nd7+ 43. Kb5 e5 44. Bf5 Kd6 45. g6 Nf6 46. g7 Kd5 47. Bh7 e4 48. g8=Q+ Nxg8 49. Bxg8+ Kd4 50. Bc4 a6+ 51. Kb4 a5+ 52. Kb5 e3 53. Be2 Kc3 54. a4 Kd2 55. Bh5 e2 56. Bxe2 Kxe2 57. Kxa5 Kd3 58. Kb6 {[W: 0:01:44; B: 0:04:44]} 1-0

[Event "4NCL Online Division 1"]
[Site "online"]
[Date "2021.03.09"]
[EventDate "2021.03.09"]
[Round "4.32"]
[White "Handley, Michael R"]
[WhiteElo "2082"]
[WhiteTeam "Schach Attack"]
[Black "Pye, David E"]
[BlackElo "2187"]
[BlackTeam "Wessex Some Stars A"]
[Result "1/2-1/2"]
[PlyCount "52"]

1. d4 Nf6 2. c4 e6 3. Nf3 Bb4+ 4. Nbd2 O-O 5. a3 Bxd2+ 6. Bxd2 d6 7. Bg5 h6 8. Bh4 Nbd7 9. e3 Qe7 10. Be2 Re8 11. Qc2 e5 12. O-O g5 13. Bg3 Nh5 14. dxe5 Nxg3 15. hxg3 Nxe5 16. Nd4 c5 17. Nf3 g4 18. Nxe5 Qxe5 19. Rad1 Be6 20. Rd2 Rad8 21. Rfd1 b6 22. Qc3 Qxc3 23. bxc3 Kf8 24. Rxd6 Rxd6 25. Rxd6 Ke7 26. Rd1 Rg8 {[W: 0:21:19; B: 0:21:19]} 1/2-1/2

[Event "4NCL Online Division 1"]
[Site "online"]
[Date "2021.03.09"]
[EventDate "2021.03.09"]
[Round "4.33"]
[White "Wilson, Jaimie"]
[WhiteElo "2158"]
[WhiteTeam "Wessex Some Stars A"]
[Black "Simmons, Matthew"]
[BlackTitle "CM"]
[BlackElo "2141"]
[BlackTeam "Schach Attack"]
[Result "1-0"]
[PlyCount "67"]

1. Nf3 c5 2. c4 g6 3. d4 cxd4 4. Nxd4 Bg7 5. e4 Nc6 6. Be3 Nf6 7. Nc3 O-O 8. Be2 d6 9. f3 Bd7 10. Qd2 Rc8 11. O-O Nxd4 12. Bxd4 a6 13. Rfd1 Ne8 14. Be3 Be6 15. c5 Qc7 16. Na4 Qc6 17. Nb6 Rd8 18. Rac1 Bxa2 19. Qa5 Bxb2 20. cxd6 Bxc1 21. Rxc1 Qxd6 22. Qxa2 Nf6 23. g3 h5 24. Kg2 h4 25. Qa5 Nh5 26. f4 Qe6 27. Rc4 h3+ 28. Kf2 Nf6 29. Bf3 Ng4+ 30. Bxg4 Qxg4 31. Nd5 Qe6 32. Qb4 b5 33. Rc7 Qxe4 34. Qxe4 {[W: 0:02:27; B: 0:07:50]} 1-0

[Event "4NCL Online Division 1"]
[Site "online"]
[Date "2021.03.09"]
[EventDate "2021.03.09"]
[Round "4.34"]
[White "Burrows, Nick"]
[WhiteElo "2084"]
[WhiteTeam "Schach Attack"]
[Black "Martinez-Sykora, Antonio"]
[BlackElo "2155"]
[BlackTeam "Wessex Some Stars A"]
[Result "0-1"]
[PlyCount "46"]

1. Nf3 Nf6 2. c4 e6 3. g3 d5 4. Bg2 Be7 5. O-O O-O 6. b3 c5 7. cxd5 Nxd5 8. Bb2 Bf6 9. Nc3 Nc6 10. Qc1 Nxc3 11. Bxc3 e5 12. d3 Qe7 13. Re1 Be6 14. Nd2 Rac8 15. Ne4 Nd4 16. e3 Nc6 17. Qc2 Rfd8 18. a3 Nd4 19. exd4 cxd4 20. Qa2 dxc3 21. Bf1 a5 22. a4 Qb4 23. Rab1 c2 {[W: 0:25:22; B: 0:22:49]} 0-1

[Event "4NCL Online Division 1"]
[Site "online"]
[Date "2021.03.09"]
[EventDate "2021.03.09"]
[Round "4.41"]
[White "Chopra, Tanmay"]
[WhiteElo "2409"]
[WhiteTeam "Harrow 1"]
[Black "Graham, David B"]
[BlackElo "2265"]
[BlackTeam "Sussex Social Isolators"]
[Result "0-1"]
[PlyCount "74"]

1. d4 Nf6 2. c4 g6 3. Nc3 Bg7 4. e4 d6 5. Nf3 O-O 6. Be2 e5 7. O-O Nc6 8. d5 Ne7 9. b4 Nh5 10. Re1 f5 11. Nd2 Nf6 12. c5 f4 13. a4 g5 14. g4 Ng6 15. f3 Rf7 16. Ba3 Bf8 17. Rf1 Nh4 18. a5 h5 19. h3 hxg4 20. hxg4 Rh7 21. c6 b6 22. axb6 axb6 23. Bb2 Rxa1 24. Qxa1 Nxf3+ 25. Bxf3 Bxg4 26. Rf2 Qe8 27. Qf1 Qh5 28. Qg2 Bxf3 29. Rxf3 g4 30. Ne2 Bg7 31. Ra3 Qh4 32. Ra8+ Kf7 33. Ra7 Qe1+ 34. Nf1 f3 35. Rxc7+ Kg6 36. Qg3 Qxe2 37. Bc1 Rh3 {[W: 0:00:28; B: 0:03:09]} 0-1

[Event "4NCL Online Division 1"]
[Site "online"]
[Date "2021.03.09"]
[EventDate "2021.03.09"]
[Round "4.42"]
[White "Cumming, Rhys"]
[WhiteTitle "FM"]
[WhiteElo "2314"]
[WhiteTeam "Sussex Social Isolators"]
[Black "Nettleton, Charlie B"]
[BlackElo "2212"]
[BlackTeam "Harrow 1"]
[Result "1-0"]
[PlyCount "98"]

1. e4 e6 2. d4 d5 3. exd5 exd5 4. Bd3 Nf6 5. Nf3 c5 6. O-O c4 7. Re1+ Be7 8. Bf1 O-O 9. b3 cxb3 10. axb3 Nc6 11. Ne5 Bf5 12. Nxc6 bxc6 13. Nc3 Bb4 14. Bd2 Bd6 15. h3 Ne4 16. Nxe4 Bxe4 17. b4 Qf6 18. c3 Qg6 19. Qg4 Qf6 20. Qg5 Qxg5 21. Bxg5 a6 22. Ra2 Ra7 23. Rea1 Rfa8 24. Rxa6 Rxa6 25. Rxa6 Rxa6 26. Bxa6 Bc2 27. Kf1 f6 28. Bd2 Kf7 29. Ke2 Ba4 30. c4 dxc4 31. Bxc4+ Ke7 32. Kd3 Kd7 33. d5 Kc7 34. dxc6 Bxc6 35. g3 Bd7 36. h4 Kc6 37. Kc3 Be5+ 38. Kb3 Bd4 39. Be3 Bxe3 40. fxe3 Bg4 41. Kc3 h6 42. Kd4 g5 43. b5+ Kb6 44. Kd5 Bd7 45. Kd6 Bxb5 46. Bxb5 Kxb5 47. Ke6 Kc5 48. Kxf6 gxh4 49. gxh4 Kd5 {[W: 0:06:46; B: 0:27:34]} 1-0

[Event "4NCL Online Division 1"]
[Site "online"]
[Date "2021.03.09"]
[EventDate "2021.03.09"]
[Round "4.43"]
[White "Chan, Nevil"]
[WhiteElo "1985"]
[WhiteTeam "Harrow 1"]
[Black "Payne, Matthew J"]
[BlackElo "2156"]
[BlackTeam "Sussex Social Isolators"]
[Result "0-1"]
[PlyCount "56"]

1. d4 Nf6 2. Nc3 d5 3. Bg5 h6 4. Bxf6 exf6 5. e3 Bb4 6. Bd3 c5 7. Qf3 Bxc3+ 8. bxc3 O-O 9. Ne2 Nc6 10. O-O Be6 11. Bf5 Rc8 12. Rfd1 Ne7 13. Bxe6 fxe6 14. Rab1 Rc7 15. Rb2 Qc8 16. Rc1 e5 17. e4 Rd8 18. dxe5 fxe5 19. Ng3 d4 20. c4 b6 21. Rb3 Qe6 22. Qd3 Nc6 23. Nf1 Na5 24. Ne3 Nxb3 25. axb3 Rf8 26. Nd5 Rcf7 27. f3 g5 28. h3 h5 {[W: 0:01:00; B: 0:11:07]} 0-1

[Event "4NCL Online Division 1"]
[Site "online"]
[Date "2021.03.09"]
[EventDate "2021.03.09"]
[Round "4.44"]
[White "Rogacewicz, Mikolaj"]
[WhiteElo "2158"]
[WhiteTeam "Sussex Social Isolators"]
[Black "Chopra, Manmay"]
[BlackElo "1899"]
[BlackTeam "Harrow 1"]
[Result "1-0"]
[PlyCount "106"]

1. d4 Nf6 2. c4 e6 3. g3 d5 4. Nf3 b6 5. Bg2 Bb7 6. Ne5 Be7 7. Qa4+ c6 8. O-O O-O 9. Rd1 Qc8 10. cxd5 cxd5 11. Bf4 Nc6 12. Nc3 Nxe5 13. Bxe5 Qd7 14. Rac1 Qxa4 15. Nxa4 Rac8 16. Nc3 Nd7 17. Bf4 a6 18. Rc2 b5 19. Rdc1 Nb6 20. g4 Rc4 21. e4 Rfc8 22. b3 R4c6 23. exd5 exd5 24. Bxd5 Rxc3 25. Rxc3 Rxc3 26. Bxb7 Rxc1+ 27. Bxc1 a5 28. Be3 b4 29. Bc6 Nc8 30. d5 Bd8 31. Kf1 Bc7 32. h3 Kf8 33. Ke2 Ke7 34. Kd3 Bb6 35. Bg5+ f6 36. Bh4 Kd6 37. Kc4 Bd8 38. Bg3+ Ke7 39. Kc5 Bb6+ 40. Kb5 Bd8 41. Ka6 Nd6 42. f3 Bc7 43. Bf2 Nf7 44. Bc5+ Kd8 45. Bb6 Ne5 46. Bxa5 Nd3 47. d6 Bxa5 48. Kxa5 Nc1 49. Kxb4 Nxa2+ 50. Kc4 Nc1 51. b4 Ne2 52. b5 Nf4 53. b6 Ne6 {[W: 0:15:46; B: 0:24:52]} 1-0

[Event "4NCL Online Division 1"]
[Site "online"]
[Date "2021.03.09"]
[EventDate "2021.03.09"]
[Round "4.51"]
[White "Lewis, Andrew P"]
[WhiteTitle "FM"]
[WhiteElo "2305"]
[WhiteTeam "Anglia Avengers 1"]
[Black "Mulay, Partha"]
[BlackElo "2088"]
[BlackTeam "Warwick University"]
[Result "1-0"]
[PlyCount "81"]

1. c4 Nf6 2. Nc3 g6 3. d4 Bg7 4. e4 d6 5. Nf3 O-O 6. Be2 e5 7. O-O Na6 8. Be3 Ng4 9. Bg5 Qe8 10. dxe5 dxe5 11. Nd2 f6 12. Bh4 Nh6 13. f3 c6 14. Bf2 Qe7 15. a3 Nc5 16. b4 Ne6 17. Nb3 Rd8 18. Qb1 Nd4 19. Rd1 f5 20. Bd3 f4 21. Nxd4 exd4 22. Ne2 g5 23. c5 Be6 24. Qc2 Qf7 25. Rd2 g4 26. Kf1 Be5 27. Rc1 g3 28. Bg1 Ng4 29. fxg4 gxh2 30. Bxh2 f3 31. Ng3 Bf4 32. Rf2 Bxc1 33. Qxc1 Rf8 34. Qg5+ Kh8 35. gxf3 Bc4 36. Qe5+ Kg8 37. Qxd4 Bxd3+ 38. Qxd3 Rad8 39. Qe3 Rd1+ 40. Kg2 Rfd8 41. Nf5 {[W: 0:01:30; B: 0:00:34]} 1-0

[Event "4NCL Online Division 1"]
[Site "online"]
[Date "2021.03.09"]
[EventDate "2021.03.09"]
[Round "4.52"]
[White "Behler, Paul"]
[WhiteElo "1883"]
[WhiteTeam "Warwick University"]
[Black "Talsma, Paul"]
[BlackElo "2272"]
[BlackTeam "Anglia Avengers 1"]
[Result "0-1"]
[PlyCount "64"]

1. e4 e5 2. Nf3 Nc6 3. Bc4 Nf6 4. Ng5 d5 5. exd5 Na5 6. Bb5+ c6 7. dxc6 bxc6 8. Qf3 Be7 9. Bd3 O-O 10. c4 Qc7 11. h3 h6 12. Ne4 Nxe4 13. Bxe4 f5 14. Bc2 e4 15. Qe2 Nb7 16. b3 Nc5 17. Bb2 Ne6 18. Na3 Nf4 19. Qf1 Qa5 20. Nb1 Bf6 21. Bxf6 Rxf6 22. Nc3 Rd6 23. O-O-O Be6 24. g3 Nd3+ 25. Bxd3 Rxd3 26. Qe2 Bxc4 27. Qe1 Qa3+ 28. Kc2 Rb8 29. Rb1 Bf7 30. Qc1 Qd6 31. Rb2 Rd8 32. g4 Rxc3+ {[W: 0:04:26; B: 0:04:42]} 0-1

[Event "4NCL Online Division 1"]
[Site "online"]
[Date "2021.03.09"]
[EventDate "2021.03.09"]
[Round "4.53"]
[White "Player, Edmund C"]
[WhiteElo "2156"]
[WhiteTeam "Anglia Avengers 1"]
[Black "Pyda, Arjun"]
[BlackElo "1715"]
[BlackTeam "Warwick University"]
[Result "0-1"]
[PlyCount "76"]

1. e4 c5 2. Nf3 d6 3. d4 cxd4 4. Nxd4 Nf6 5. Nc3 a6 6. h3 e6 7. g4 Be7 8. Bg2 O-O 9. g5 Nfd7 10. h4 Nc6 11. Be3 Qc7 12. f4 Nb6 13. Qe2 Nxd4 14. Bxd4 e5 15. Bxb6 Qxb6 16. Nd5 Qd8 17. f5 f6 18. O-O-O fxg5 19. hxg5 Bxg5+ 20. Kb1 Bd7 21. Qh5 h6 22. Rdg1 Bc6 23. Qd1 Kh7 24. Bf3 Bxd5 25. Qxd5 Qe7 26. Rh5 Bf4 27. Rg6 Rf6 28. Rg1 Rc8 29. Rhh1 Qc7 30. Rg2 Qc6 31. Qb3 b5 32. Qd3 Qc4 33. Qa3 b4 34. Qa4 Qb5 35. Qb3 a5 36. Rhg1 Rc7 37. Be2 Qc5 38. Qa4 Be3 {Time forfeit} {[W: 0:00:21; B: 0:09:15]} 0-1

[Event "4NCL Online Division 1"]
[Site "online"]
[Date "2021.03.09"]
[EventDate "2021.03.09"]
[Round "4.54"]
[White "Bill, Vincenz"]
[WhiteElo "1382"]
[WhiteTeam "Warwick University"]
[Black "Bui, Kyan"]
[BlackElo "2062"]
[BlackTeam "Anglia Avengers 1"]
[Result "0-1"]
[PlyCount "106"]

1. e4 e5 2. Nf3 Nc6 3. Bc4 Bc5 4. c3 Nf6 5. d4 exd4 6. O-O Nxe4 7. cxd4 d5 8. dxc5 dxc4 9. Qe2 Qd3 10. Re1 f5 11. Nc3 O-O 12. Nxe4 fxe4 13. Qxe4 Bf5 14. Qxd3 cxd3 15. Bd2 Rad8 16. Re3 Rd5 17. Nh4 Rxc5 18. Nxf5 Rcxf5 19. Rxd3 Ne5 20. Rg3 Rxf2 21. Bc3 Ng6 22. Bd4 R2f7 23. Re1 Nf4 24. h3 b6 25. Re4 Rd7 26. Bc3 Nd5 27. Rd4 Rf5 28. Re3 c5 29. Re8+ Kf7 30. Rde4 b5 31. Rb8 b4 32. Bd2 Nf6 33. Re2 Rfd5 34. Be1 Re7 35. Rxe7+ Kxe7 36. Bf2 Ne4 37. Be3 Rd1+ 38. Kh2 Rd3 39. Bg1 Rd7 40. Be3 Ke6 41. g4 Kd5 42. Kg2 Kc4 43. Kf3 Kd3 44. Re8 Rf7+ 45. Bf4 Nd2+ 46. Kg3 Nf1+ 47. Kf3 g5 48. Rd8+ Kc2 49. Rd5 Rxf4+ 50. Ke2 c4 51. Rxg5 Kxb2 52. Rf5 Rxf5 53. gxf5 Ng3+ {[W: 0:01:13; B: 0:01:23]} 0-1

[Event "4NCL Online Division 1"]
[Site "online"]
[Date "2021.03.09"]
[EventDate "2021.03.09"]
[Round "4.61"]
[White "Jones, Gawain C B"]
[WhiteTitle "GM"]
[WhiteElo "2666"]
[WhiteTeam "Chessable White Rose 1"]
[Black "Piper, Matthew S"]
[BlackElo "2350"]
[BlackTeam "CSC 1"]
[Result "1-0"]
[PlyCount "33"]

1. e4 e5 2. Nf3 Nc6 3. Bb5 Nf6 4. O-O Bc5 5. Nxe5 Nxe4 6. Qe2 Nxe5 7. d4 Be7 8. dxe5 Nc5 9. Rd1 O-O 10. Nc3 Re8 11. Qf3 f6 12. Bc4+ Kh8 13. b4 fxe5 14. bxc5 Bxc5 15. Ne4 Be7 16. Qh5 d6 17. Bf7 {[W: 0:25:08; B: 0:13:38]} 1-0

[Event "4NCL Online Division 1"]
[Site "online"]
[Date "2021.03.09"]
[EventDate "2021.03.09"]
[Round "4.62"]
[White "Finn, Peter"]
[WhiteElo "2151"]
[WhiteTeam "CSC 1"]
[Black "Adair, James R"]
[BlackTitle "IM"]
[BlackElo "2470"]
[BlackTeam "Chessable White Rose 1"]
[Result "1/2-1/2"]
[PlyCount "155"]

1. e4 c5 2. Nf3 e6 3. d4 cxd4 4. Nxd4 Nc6 5. Nc3 Qc7 6. Be3 a6 7. Nxc6 bxc6 8. Qf3 Nf6 9. Qg3 Qxg3 10. hxg3 Rb8 11. O-O-O Ng4 12. Ba7 Rb7 13. Be2 Rxa7 14. Bxg4 g6 15. e5 Bg7 16. f4 f6 17. Ne4 fxe5 18. Nd6+ Ke7 19. Rxh7 Rxh7 20. Nxc8+ Kd8 21. Nxa7 Kc7 22. Re1 exf4 23. gxf4 Bd4 24. Nxc6 Kxc6 25. c3 Bb6 26. Bxe6 dxe6 27. Rxe6+ Kb7 28. Rxg6 Be3+ 29. Kc2 Bxf4 30. b4 Rc7 31. Kb3 Be5 32. c4 Rd7 33. c5 Rd3+ 34. Kc4 Rd4+ 35. Kb3 Bc7 36. a4 a5 37. b5 Rb4+ 38. Ka3 Rc4 39. Rg5 Bd8 40. Rg7+ Kc8 41. c6 Bb6 42. Rg8+ Kc7 43. Rg7+ Kd6 44. Rd7+ Ke6 45. Rb7 Bc5+ 46. Kb3 Rb4+ 47. Kc3 Bf2 48. Rb8 Bg3 49. Rb7 Be5+ 50. Kd3 Rd4+ 51. Ke3 Rc4 52. Kd3 Rc3+ 53. Kd2 Kd5 54. Rd7+ Ke4 55. Re7 Rc4 56. g4 Kd5 57. Rd7+ Ke6 58. Ra7 Rd4+ 59. Ke3 Rxa4 60. Kd3 Rd4+ 61. Ke2 a4 62. c7 Kd7 63. b6 Rxg4 64. Ra8 Bxc7 65. bxc7 Kxc7 66. Kd2 Kb6 67. Kc2 Kb5 68. Kb2 Rg2+ 69. Ka3 Rg3+ 70. Kb2 Rb3+ 71. Ka2 Rc3 72. Rb8+ Ka5 73. Ra8+ Kb4 74. Rb8+ Kc4 75. Rc8+ Kd3 76. Rxc3+ Kxc3 77. Ka3 Kc4 78. Kxa4 {[W: 0:03:03; B: 0:10:51]} 1/2-1/2